000 00436nam a22000977a 4500
999 _c58300
_d58300
008 211101s1991 ge ||||| |||| 00| 0 geo d
020 _a5520008663
100 _aბოჭორიშვილი, ანგია
_9767
245 _aგამოკვლევები ფსიქოლოგიაში :
_b1 /
_cანგია ბოჭორიშვილი.
264 _aთბილისი :
_bმეცნიერება,
_c1991.